ALL Lyrics: Wait Til I Get My Money Up by Gabriella Rose - Statistics

General Stats
  • This quiz has been taken 4 times
  • The average score is 189 of 312
Answer Stats
Answer % Correct
get
100%
I
100%
Just
100%
just
100%
money
100%
my
100%
'til
100%
Wait
100%
wait
100%
a
50%
abs
50%
acting
50%
ain't
50%
all
50%
and
50%
ass
50%
baby
50%
back
50%
bet
50%
big
50%
bone
50%
both
50%
Boy
50%
breezy
50%
broke
50%
but
50%
call
50%
can't
50%
catch
50%
Cause
50%
come
50%
compensating
50%
cover
50%
date
50%
don't
50%
Easy
50%
'em
50%
feeling
50%
fish
50%
foot
50%
for
50%
ford
50%
friends
50%
girl,
50%
giving
50%
gonna
50%
grew
50%
groove
50%
grown
50%
hair
50%
hear
50%
hit
50%
hook
50%
I'll
50%
I'm
50%
in
50%
In
50%
Jenny?
50%
kinda
50%
know
50%
Kylie?
50%
lately
50%
like
50%
Like
50%
likes
50%
line
50%
Little
50%
lonely
50%
long
50%
me
50%
me's
50%
miss
50%
move
50%
never
50%
next
50%
nothing
50%
Now
50%
of
50%
Oh
50%
oh
50%
old
50%
on
50%
Reel
50%
rich
50%
right?
50%
she's
50%
show
50%
Six
50%
so
50%
So
50%
some
50%
still
50%
Still
50%
stoned,
50%
telling
50%
tens
50%
that
50%
Tiffany
50%
to
50%
ton
50%
two
50%
type
50%
up
50%
We
50%
what
50%
While
50%
why
50%
Why
50%
with
50%
You
50%
you
50%
your
50%
you're
50%
You're
50%
at
0%
ball
0%
beg
0%
Crazy,
0%
dunked
0%
getting
0%
got
0%
license
0%
new
0%
one
0%
out
0%
pair
0%
playing
0%
pump
0%
stopped
0%
Swoop
0%
then
0%
thought,
0%
weeks
0%
whispers
0%
working
0%
you'll
0%
No matching quizzes found
Score Distribution
Percent of People with Each Score
Percentile by Number Answered
Your Score History
You have not taken this quiz